Statystyki dla Quiz polska postać po krótkim opisie

Kliknij tutaj aby rozwiązać quiz!

Ogólne statystyki

  • Ten quiz został rozwiązany 52 razy
  • Średni wynik to 13 z 15

Statystyki odpowiedzi

HintOdpowiedź% Poprawnych
Pisarz który napisał epopeję narodową “Pan Tadeusz„Adam Mickiewicz
100%
Jedyny papież z polski (prawdziwie imię)Karol Wojtyła
100%
Prezydent RP zginął tragicznie w katastrofie smoleńskiejLech Kaczyński
98%
Popularna restauratorka która lubi rzucać talerzamiMagda Gessler
98%
Najpopularniejszy piłkarz w tych czasach w PolsceRobert Lewandowski
98%
Kobieta która otrzymała 2 nagrody Nobla
Odkryła pierwiastek rad i polon
Maria Skłodowska Curie
96%
Bardzo znany skoczek narciarski urodził się
W Wiśle
Adam Małysz
92%
Prezydent Polski który dostał pokojową nagrodę Nobla i utworzył związek
Zawodowy Solidarność
Lech Wałęsa
90%
Osoba która wprowadziła do Polski stan wojennyWojciech Jaruzelski
88%
Najpopularniejszy wokalista disco polo
Założyciel zespołu akcent nagrał piosenkę Przez twe oczy zielone
Zenon Martyniuk
88%
Polski bardzo popularny pisarz autor znanej trylogiiHenryk Sienkiewicz
78%
Naczelnik państwa polskiego 1918-1922 pierwszy marszałek polski
Premier polski 1926-1930
Józef Piłsudski
76%
Założycielka zespołu BajmBeata Kozidrak
69%
Najpopularniejszy polski reżyserAndrzej Wajda
67%
Kobieta która otrzymała w 1996 nagrodę NoblaWisława Szymborska
67%

Rozkład punktacji

Percentyl według liczby udzielonych odpowiedzi

Procent ludzi z każdym wynikiem

Twoja historia wyników

Nie rozwiązałeś tego quizu